| 000 | 01250cam a22003495i 4500 | ||
|---|---|---|---|
| 999 |
_c27757 _d27728 |
||
| 001 | 015484764 | ||
| 003 | EG-ScBUE | ||
| 005 | 20191114135805.0 | ||
| 008 | 100203t2017 maua f b 001 0 eng d | ||
| 020 | _a9781305652972 (pbk.) | ||
| 020 | _a1305652975 (pbk.) | ||
| 040 |
_aStDuBDS _beng _erda _cStDuBDS _dUk _dEG-ScBUE |
||
| 082 | 0 | 4 |
_a519.5 _bHOW _222 |
| 100 | 1 |
_aHowell, David C. _eauthor. |
|
| 245 | 1 | 0 |
_aFundamental statistics for the behavioral sciences / _cDavid C. Howell, University of Vermont. |
| 250 | _aNinth edition. | ||
| 250 | _aStudent edition. | ||
| 264 | 1 |
_aBoston, MA. : _bCengage Learning, _c[2017] |
|
| 264 | 4 | _cc2017 | |
| 300 |
_axx, 647 pages : _billustrations ; _c24 cm |
||
| 336 |
_atext _btxt _2rdacontent |
||
| 337 |
_aunmediated _bn _2rdamedia |
||
| 338 |
_avolume _bnc _2rdacarrier |
||
| 504 | _aIncludes bibliographical references and index. | ||
| 650 | 7 |
_aSocial sciences _xStatistical methods. _2BUEsh |
|
| 650 | 7 |
_aPsychometrics. _2BUEsh _94480 |
|
| 650 | 7 |
_aPsychology _xStatistical methods. _2BUEsh _939934 |
|
| 653 |
_bHHUUPPSS _cNovember2019 |
||
| 655 | _vText book | ||
| 856 | 4 | 2 |
_3Access your online learning solution _uhttps://www.cengagebrain.co.uk/shop?DM_PersistentCookieCreated=true |
| 942 |
_2ddc _cTXT |
||